000 00768nam a22002057a 4500
999 _c7049
_d7049
003 AR-CdUCM
008 190319b ||||| |||| 00| 0 spa d
040 _aMUNICIPALIDAD PROVINCIAL DEL CUSCO
_cBIBLIOTECA MUNICIPAL DEL CUSCO
082 _22 ed.
_a478.246 /
_bSC29
100 _aSchnitzler, Hermann
_919859
245 _aNuevo método para aprender latín :
_bpara el uso privado y escolar /
260 _aFriburgo de Brisgovia (Alemania) :
_bHerder,
_c1914.
300 _a223 páginas ;
_c21 cm.
500 _aDonación de la Familia nieto. Método Schnitzler para el estudio de lenguas. Incluye diccionario en latín
650 _aLatín
_915048
650 _aTextos para extranjeros
_911270
650 _aGramática
_99175
942 _2ddc
_cLIBROS
945 _araen